[Event "Maraba op 3rd"]
[Site "Maraba"]
[Date "2016.04.21"]
[Round "1"]
[White "Gomes, Jose Tiago Vieira"]
[Black "Almeida, Fernando Medrado"]
[Result "0-1"]
[WhiteElo "1800"]
[BlackElo "1933"]
[PlyCount "92"]
[EventDate "2016.04.21"]
[EventType "swiss"]
[EventRounds "7"]
[EventCountry "BRA"]
[SourceTitle "CBM 172 Extra"]
[Source "ChessBase"]
[SourceDate "2016.06.21"]
[SourceVersion "1"]
[SourceVersionDate "2016.06.21"]
[SourceQuality "1"]

1. e4 e6 2. Nf3 d5 3. Nc3 Nf6 4. d3 dxe4 5. dxe4 Qxd1+ 6. Nxd1 Nxe4 7. Bd3 Nc5 8. Bc4 Bd6 9. Be3 Nbd7 10. Nc3 a6 11. 0-0 0-0 12. Rad1 b5 13. Be2 b4 14. Bxc5 Nxc5 15. Nb1 e5 16. b3 Bf5 17. c3 a5 18. c4 a4 19. Nfd2 axb3 20. axb3 Ra2 21. Bf3 e4 22. g4 Bg6 23. Bg2 Bf4 24. Rfe1 h5 25. h3 hxg4 26. hxg4 Rd8 27. Nxe4 Rxd1 28. Rxd1 Nxe4 29. Bxe4 Bxe4 30. Rd4 Bxb1 31. Rxf4 Rb2 32. Rf3 Bc2 33. Kh2 Rxb3 34. Rf4 Rc3 35. c5 b3 36. Rb4 Rxc5 37. Kg3 c6 38. f4 Rb5 39. Rc4 c5 40. Kh4 b2 41. Rxc2 b1Q 42. Rh2 Rb3 43. g5 Qh7+ 44. Kg4 Qxh2 45. Kf5 Re3 46. Kg4 Qh3# 0-1

[Event "Maraba op 3rd"]
[Site "Maraba"]
[Date "2016.04.21"]
[Round "2"]
[White "Peixoto, Fernando Teodoro Ma"]
[Black "Gomes, Jose Tiago Vieira"]
[Result "1-0"]
[WhiteElo "1609"]
[BlackElo "1800"]
[PlyCount "107"]
[EventDate "2016.04.21"]
[EventType "swiss"]
[EventRounds "7"]
[EventCountry "BRA"]
[SourceTitle "CBM 172 Extra"]
[Source "ChessBase"]
[SourceDate "2016.06.21"]
[SourceVersion "1"]
[SourceVersionDate "2016.06.21"]
[SourceQuality "1"]

1. d4 d6 2. Nf3 Nf6 3. e3 Bg4 4. Bd3 Nbd7 5. h3 Bxf3 6. Qxf3 c6 7. Nd2 d5 8. 0-0 e6 9. b3 Bd6 10. Bb2 Qe7 11. a3 e5 12. e4 0-0 13. exd5 cxd5 14. dxe5 Nxe5 15. Qd1 Ned7 16. Re1 Qd8 17. Nf3 Qb6 18. Bf5 Qc6 19. Qd3 h6 20. Qd4 Rfe8 21. Qh4 Be7 22. Re3 Ne4 23. Qf4 Ndf6 24. Bxf6 Nxf6 25. Qd4 Bc5 26. Rxe8+ Rxe8 27. Qb2 g6 28. Bd3 Ne4 29. Bxe4 Rxe4 30. Ne5 Qe6 31. Nd3 Bd4 32. c3 Re2 33. Qc1 Bg7 34. Nf4 Qe4 35. Nxe2 Qxe2 36. Qe1 Qb5 37. Rb1 Qc6 38. Rc1 Bf8 39. a4 Bd6 40. c4 d4 41. Qd2 Bc5 42. Qxh6 Qe4 43. Qd2 Kg7 44. Re1 Qf5 45. b4 Bb6 46. c5 Bc7 47. Qxd4+ Kh6 48. Qh8+ Kg5 49. h4+ Kg4 50. Qd4+ Bf4 51. Re4 g5 52. Qd1+ Kxh4 53. g3+ Kh3 54. Qh5# 1-0